Radiohead - Jigsaw Falling Into Place Lyrics - Statistics

General Stats
  • This quiz has been taken 446 times
  • The average score is 155 of 230
Answer Stats
Answer % Correct
a
98%
A
98%
the
97%
The
97%
I
95%
you
95%
You
95%
in
93%
as
92%
As
92%
Jigsaw
92%
Just
92%
just
92%
place
92%
place.
92%
falling
91%
into
91%
No
90%
to
90%
So
87%
take
87%
your
87%
hand.
85%
my
85%
Not
85%
is
82%
back
79%
back.
79%
on
79%
arrive.
78%
play
78%
they
78%
They
78%
song.
77%
write
77%
number
76%
down.
75%
there.
75%
there
75%
drinks
73%
explain.
73%
She
73%
look
72%
nothing
71%
and
70%
favourite
68%
it
68%
once.
68%
twice.
68%
night
66%
pass.
66%
got
65%
looks
65%
away
63%
Before
62%
feel
59%
can
58%
Come
57%
disappears.
56%
goes
56%
beat
55%
me.
55%
mission.
55%
round
55%
round.
55%
Wish
55%
This
54%
dance
53%
dance.
53%
like
53%
you're
53%
are
52%
one.
52%
had
51%
had.
51%
nightmare.
51%
out.
51%
animal
49%
cat
48%
eachother
48%
run
48%
too
48%
again.
47%
from
47%
let
47%
light
47%
much.
47%
noises.
47%
All
46%
walls
46%
that
45%
up
45%
grin.
44%
spring.
44%
Cheshire
43%
lost
43%
owl.
43%
between
42%
focus
41%
blurring
40%
comatose.
40%
notes.
40%
pretended
40%
wound
40%
you've
40%
camera.
39%
really
38%
never
36%
shape.
35%
bending
34%
longer
34%
mic.
34%
off
34%
Words
34%
shotguns.
33%
blunt
32%
circuit
32%
Closed
30%
instruments.
30%
sawed
25%
blather
20%
Regard
16%
No matching quizzes found
Score Distribution
Percent of People with Each Score
Percentile by Number Answered
Your Score History
You have not taken this quiz